书目信息 |
| 题名: |
你应该具备的——谈判谋略知识
|
|
| 作者: | 朱鸿儒 主编 | |
| 分册: | ||
| 出版信息: | 合肥 安徽人民出版社 2012 |
|
| 页数: | 203页 | |
| 开本: | 24cm | |
| 丛书名: | ||
| 单 册: | ||
| 中图分类: | C912.35 | |
| 科图分类: | ||
| 主题词: | 谈判学--通俗读物 , 谈判学 | |
| 电子资源: | ||
| ISBN: | 978-7-212-04822-8 | |
| 000 | 00847nam0 2200229 450 | |
| 001 | 2348026384 | |
| 005 | 20231109095757.16 | |
| 010 | @a978-7-212-04822-8@dCNY45.00 | |
| 100 | @a20130127d2012 em y0chiy50 ea | |
| 101 | 0 | @achi |
| 102 | @aCN@b340000 | |
| 105 | @ay z 000yy | |
| 200 | 1 | @a你应该具备的——谈判谋略知识@Ani ying gai ju bei de tan pan mou lue zhi shi@f朱鸿儒主编 |
| 210 | @a合肥@c安徽人民出版社@d2012 | |
| 215 | @a203页@d24cm | |
| 330 | @a本书分为谈判原理及其概说,成功谈判思维训练,成功谈判语言训练,成功谈判策略训练,成功谈判礼仪训练,中外谈判谋略故事,经典谈判范例七个单元。 介绍了什么是谈判,谈判在中国民间,成功的谈判者需具备的三点等内容。 | |
| 606 | 0 | @a谈判学@j通俗读物 |
| 606 | 0 | @a谈判学 |
| 690 | @aC912.35@v5 | |
| 701 | 0 | @a朱鸿儒@Azhu hong ru@4主编 |
| 801 | 0 | @aCN@b山东中教@c20230926 |
| 905 | @aBZT@dC912.35@e11 | |
| 你应该具备的——谈判谋略知识/朱鸿儒主编.-合肥:安徽人民出版社,2012 |
| 203页;24cm |
| ISBN 978-7-212-04822-8:CNY45.00 |
| 本书分为谈判原理及其概说,成功谈判思维训练,成功谈判语言训练,成功谈判策略训练,成功谈判礼仪训练,中外谈判谋略故事,经典谈判范例七个单元。 介绍了什么是谈判,谈判在中国民间,成功的谈判者需具备的三点等内容。 |
| ● |
| 相关链接 |
|
|
|
正题名:你应该具备的——谈判谋略知识
索取号:C912.35/11
 
预约/预借
| 序号 | 登录号 | 条形码 | 馆藏地/架位号 | 状态 | 备注 |
| 1 | 2000954933 | 2000954933 | 第四书库/四4架A面1层3列/ [索取号:C912.35/11] | 在馆 | |
| 2 | 2000954934 | 2000954934 | 第四书库/四4架A面1层3列/ [索取号:C912.35/11] | 在馆 | |
| 3 | 2000954935 | 2000954935 | 第四书库/四4架A面1层3列/ [索取号:C912.35/11] | 在馆 | |
| 4 | 2000954936 | 2000954936 | 第四书库/四4架A面1层3列/ [索取号:C912.35/11] | 在馆 | |
| 5 | 2000954937 | 2000954937 | 第四书库/四4架A面1层3列/ [索取号:C912.35/11] | 在馆 | |
| 6 | 2000954938 | 2000954938 | 第四书库/四4架A面1层3列/ [索取号:C912.35/11] | 在馆 |